[Event "C.to Regionale Abruzzo"]
[Site "Teramo ITA"]
[Date "2011.05.29"]
[Round "5"]
[White "Scurti, Gino"]
[Black "Di Martino, Antonio"]
[Result "0-1"]
[WhiteElo "1694"]
[BlackElo "1867"]
[PlyCount "64"]
[EventDate "2011.05.21"]

1. e4 e6 2. d4 d5 3. Nd2 dxe4 4. Nxe4 Nd7 5. Nf3 Ngf6 6. Nxf6+ Nxf6 7. Bd3 c5
8. Be3 cxd4 9. Bxd4 Be7 10. O-O O-O 11. c4 b6 12. Qe2 Bb7 13. Rad1 Qc8 14. b3
Rd8 15. Bb2 Qc5 16. Bc1 Qh5 17. Ne5 Bd6 18. Qxh5 Nxh5 19. Bxh7+ Kf8 20. Ng4 f5
21. Bg6 Nf4 22. Bxf4 Bxf4 23. Ne3 Ke7 24. Bh5 Rh8 25. g3 Bxe3 26. fxe3 Rxh5 27.
Rd2 Rd8 28. Rdf2 Rhh8 29. g4 g6 30. gxf5 gxf5 31. Rf4 Rdg8+ 32. Kf2 Rxh2+ 0-1

[Event "C.to Regionale Abruzzo"]
[Site "Teramo ITA"]
[Date "2011.05.29"]
[Round "5"]
[White "Petrella, Loris"]
[Black "Melasecchi, Paolo"]
[Result "0-1"]
[WhiteElo "1491"]
[BlackElo "1750"]
[PlyCount "72"]
[EventDate "2011.05.21"]

1. e4 e6 2. d3 d5 3. Nd2 Nf6 4. Qe2 Be7 5. g3 O-O 6. Bg2 c5 7. e5 Nfd7 8. f4
Nc6 9. Ngf3 b5 10. c3 Rb8 11. O-O Qc7 12. Re1 Nb6 13. Nf1 Rd8 14. g4 d4 15. Ng3
c4 16. cxd4 cxd3 17. Qxd3 Nb4 18. Qe2 Nc2 19. Bd2 Nxa1 20. Rxa1 Qc4 21. Qe1 Bb7
22. Rc1 Qxa2 23. Rc7 Nd5 24. Rc2 Rdc8 25. Qc1 Rxc2 26. Qxc2 Rc8 27. Qd3 Qc4 28.
Ne1 Qxd3 29. Nxd3 Rc2 30. Ne4 f5 31. gxf5 exf5 32. Nd6 Rxd2 33. Nxb7 Ne3 34.
Ne1 Rxd4 35. Kf2 Nxg2 36. Nxg2 Rd2+ 0-1

[Event "C.to Regionale Abruzzo"]
[Site "Teramo ITA"]
[Date "2011.05.29"]
[Round "5"]
[White "Paolini, Williams"]
[Black "Coccagna, Marcello"]
[Result "1-0"]
[WhiteElo "1398"]
[BlackElo "1434"]
[PlyCount "79"]
[EventDate "2011.05.21"]

1. d4 Nf6 2. Bg5 d5 3. Bxf6 exf6 4. c3 c5 5. e3 cxd4 6. cxd4 Nc6 7. Nc3 Bb4 8.
a3 Bxc3+ 9. bxc3 Qa5 10. Qc2 O-O 11. Ne2 g6 12. g3 Bf5 13. Qc1 Be4 14. Rg1 b5
15. Bg2 Rad8 16. Bxe4 dxe4 17. Kf1 Rd5 18. Qc2 f5 19. Nf4 Rd6 20. h4 b4 21.
cxb4 Nxb4 22. Qc5 Qa6+ 23. Kg2 Nd3 24. Nxd3 exd3 25. Qc3 Rc8 26. Qb4 Rb6 27.
Qe7 Rb7 28. Qg5 Qc6+ 29. Kh2 Rb2 30. h5 Rxf2+ 31. Kh3 Qc2 32. Rh1 d2 33. Rad1
Qe4 34. Rh2 Rxh2+ 35. Kxh2 Kg7 36. h6+ Kf8 37. Qf6 Re8 38. Qd6+ Qe7 39. Qxe7+
Rxe7 40. Rxd2 1-0

[Event "C.to Regionale Abruzzo"]
[Site "Teramo ITA"]
[Date "2011.05.29"]
[Round "5"]
[White "Marrocco, Dario"]
[Black "Piantieri, Guido"]
[Result "1/2-1/2"]
[WhiteElo "1584"]
[BlackElo "1860"]
[PlyCount "41"]
[EventDate "2011.05.21"]

1. c4 c5 2. Nc3 Nc6 3. g3 e6 4. Bg2 g6 5. d3 Bg7 6. Bd2 Nge7 7. a3 O-O 8. Rb1
d5 9. Nf3 dxc4 10. dxc4 e5 11. b4 cxb4 12. axb4 f5 13. Bg5 h6 14. Bxe7 Nxe7 15.
Qb3 Be6 16. Rd1 Qe8 17. O-O Qf7 18. Nd5 Rad8 19. Nxe7+ Qxe7 20. Nh4 Kh7 21. Bd5
1/2-1/2

[Event "C.to Regionale Abruzzo"]
[Site "Teramo ITA"]
[Date "2011.05.29"]
[Round "6"]
[White "Di Matteo, Giovanni"]
[Black "Cerquitella, Luca"]
[Result "0-1"]
[WhiteElo "2004"]
[BlackElo "2273"]
[PlyCount "64"]
[EventDate "2011.05.21"]

1. d4 c5 2. Nf3 cxd4 3. Nxd4 Nf6 4. c3 g6 5. g3 Bg7 6. Bg2 O-O 7. O-O d5 8. Nd2
e5 9. N4b3 Nc6 10. e4 d4 11. Nc4 Be6 12. Nxe5 Nxe5 13. cxd4 Bc4 14. dxe5 Bxf1
15. Qxf1 Ng4 16. Qe2 Nxe5 17. f4 Qd3 18. Qxd3 Nxd3 19. e5 Rac8 20. Bxb7 Nxc1
21. Bxc8 Nxb3 22. axb3 Rxc8 23. Rxa7 Rc2 24. Rb7 Rxb2 25. b4 Bf8 26. b5 Bc5+
27. Kh1 h5 28. h3 Bf2 29. g4 Bg3 30. gxh5 gxh5 31. Rb8+ Kg7 32. Rb7 Re2 0-1

[Event "C.to Regionale Abruzzo"]
[Site "Teramo ITA"]
[Date "2011.05.29"]
[Round "6"]
[White "Di Biagio, Angelo"]
[Black "Pacilli, Emanuele"]
[Result "0-1"]
[WhiteElo "1921"]
[BlackElo "2142"]
[PlyCount "96"]
[EventDate "2011.05.21"]

1. e4 g6 2. d3 Bg7 3. g3 d6 4. Bg2 e5 5. Nf3 Ne7 6. c3 O-O 7. O-O Nbc6 8. Be3
h6 9. Qd2 Kh7 10. d4 exd4 11. Nxd4 Ne5 12. Na3 a6 13. Rad1 Bd7 14. Nf3 Bg4 15.
Qe2 f5 16. Bf4 N7c6 17. h3 Nxf3+ 18. Bxf3 Bxh3 19. Bg2 Bxg2 20. Kxg2 Qe7 21. f3
fxe4 22. fxe4 Rae8 23. Rde1 g5 24. Bc1 Rxf1 25. Rxf1 Qxe4+ 26. Qxe4+ Rxe4 27.
Rf7 Re7 28. Rxe7 Nxe7 29. g4 Ng6 30. Kf3 Ne5+ 31. Kg3 Nd3 32. Be3 Nxb2 33. c4
Nd1 34. Ba7 Be5+ 35. Kf3 Nc3 36. c5 Nb5 37. Nxb5 axb5 38. Ke4 Bh2 39. cxd6 Bxd6
40. Bd4 Kg6 41. Bf2 h5 42. gxh5+ Kxh5 43. Kf3 g4+ 44. Ke4 g3 45. Bg1 Kg4 46.
Be3 b6 47. Bd4 Bc5 48. Be5 g2 0-1